000 02780nam a2200445 a 4500
003 CHAP
005 20241007140009.0
007 cr ||||||a|c|a
008 101122s2010 mx r 00010 spa d
035 _a111556
040 _cCHAP
090 _aTesis
100 1 _aSantiago Hernández, Bedaín.
_9102344
245 1 0 _aEstimación de daños por barrenadores de la semilla de aguacate en La Carpa, Cuernavaca, Morelos
_c/por Bedaín Santiago Hernández; director de tesis José Luis Ayala Orduño.
264 1 _aChapingo, Méx. :
_bEl autor,
_c2010.
300 _a1 recurso en línea (64 páginas):
_bcuadros, figuras.
336 _2rdacontent
_atexto
_btxt
337 _2rdamedia
_acomputadora
_bc
338 _2rdacarrier
_arecursos en línea
_bcr
502 _bIAEPA
_cParasitología
_d2010.
_gLIC
520 _aEste trabajo se realizó para obtener información sobre los daños que ocasionan los barrenadores de la semilla del aguacate en un huerto comercial de La Carpa, Cuernavaca, Morelos. En el área de estudio se realizaron algunas aplicaciones de plaguicidas, para barrenadores y enfermedades fungosas, durante el período de la investigación. La toma de datos consistió en la realización de muestreos aleatorios dirigidos al follaje y en frutos, para la detección de barrenadores de la semilla del aguacate. En la etapa de investigación se llevaron a cabo siete muestreos, para estimar el porcentaje de daño en frutos. Los resultados obtenidos en el trabajo variaron significativamente; se registró el 1, 2 y 3% de frutos infestados durante los meses de octubre a mayo, diferenciándose los meses de junio y julio de 2009, en los cuales se registraron porcentajes de daño del 8 y 7%, respectivamente. Durante los muestreos dirigidos al follaje, no se encontraron ejemplares adultos de barrenadores de la semilla. Los daños encontrados fueron por oviposición, así como por larvas del barrenador grande de la semilla, Heilipus lauri Boheman.
590 _aALEPH
_b10
_c20130110
590 _aBATCH-UPD
_b10
_c20130110
590 _aBATCH-UPD
_b10
_c20130410
590 _aBATCH-UPD
_b10
_c20130914
590 _aBATCH-UPD
_b10
_c20140324
590 _aBATCH-UPD
_b10
_c20141002
590 _aCONVERSION
_b10
_c20130109
650 0 4 _aBarrenas.
_910368
650 0 4 _aSemillas
_xCalidad.
_9103881
650 0 4 _aSemillas
_xConservación.
_9103886
700 1 _aAyala Orduño, José Luis
_98962
_eDirector de tesis.
856 _uhttp://10.13.5.2/tesis/111556.pdf
_zDESCARGAR PDF
901 _aBK
942 _cTD
_2Clasificación Universidad Autónoma Chapingo
949 _bBC
_cTES
_d33724002224561
_eTS2
_fc.2
_gDonaciØn
_h51531
_i111556
_sb
949 _bBC
_cTES
_d33724002225461
_eTS1
_gDonaciØn
_h51530
_i111556
_sb
999 _c99898
_d99898